F1 Season: 1954 Race Winners - Statistics

General Stats
  • This quiz has been taken 133 times
  • The average score is 8 of 9
Answer Stats
Grand Prix Winner % Correct
Argentine Juan Manuel Fangio
100%
Belgian Juan Manuel Fangio
100%
French Juan Manuel Fangio
100%
German Juan Manuel Fangio
100%
Swiss Juan Manuel Fangio
100%
Italian Juan Manuel Fangio
100%
Spanish Mike Hawthorn
64%
British José Froilán González
59%
Indianapolis 500 Bill Vukovich
54%
No matching quizzes found
Score Distribution
Percent of People with Each Score
Percentile by Number Answered
Your Score History
You have not taken this quiz